| 000 | 00852cam a22001934a 4500 | ||
|---|---|---|---|
| 005 | 20250605163937.0 | ||
| 008 | 250528s ||||||||||||||||||||||||d | ||
| 035 | _a14909 | ||
| 020 | _a273604740 | ||
| 040 |
_aGR-AtMCL _bgre _dGR-AtMCL _eAACR2 |
||
| 245 | 1 | _aLaw for European Business Studies | |
| 260 |
_bPitman Publishing, _c1994 |
||
| 300 | _a436 | ||
| 520 | _aThis comprehensive text is the first of its kind to give students a knowledge of the broad principles of law as related to commercial transactions within the EU. Preface, The Legal Systems of the EU and Its Member States, An Introduction to the Law of Contract, Special Contracts, An Introduction to the Law of Torts, The Law of Competition, Law of Business Organizations, Glossary, Index. | ||
| 700 | 1 |
_aPearson S. Edward _9705 |
|
| 942 | _cBK | ||
| 999 |
_c520 _d520 |
||